Contribución al conocimiento de Verres Kaup, 1871 (Coleoptera: Passalidae) de Colombia (Registro nro. 16298)

Detalles MARC
000 -CABECERA
Campo de control 005410000a22001810004500
090 ## - CLASIFICACIÓN LOCAL
Colección SERIADAS
041 0# - IDIOMA
Código de idioma para texto/pista de sonido o título separado
044 ## - PAÍS DE PUBLICACIÓN
País de publicación
100 1# - ASIENTO PRINCIPAL--NOMBRE PERSONAL
Nombre personal Amat García, Germán
245 10 - MENCION DE TITULO
Título Contribución al conocimiento de Verres Kaup, 1871 (Coleoptera: Passalidae) de Colombia
653 ## - TERMINO DE INDIZACION - NO CONTROLADO
-- Strengeriana maniformis
700 1# - ASIENTO SECUNDARIO - NOMBRE PERSONAL
Nombre personal Reyes Castillo, Pedro
773 1# - Item fuente:
Título Caldasia
Detalles específicos del material Jun
Descripción física 1
Paginas del Articulo 133-141
Lugar, editorial y fecha de publicación 2007
Información sobre la relación 29
942 ## - ELEMENTOS ADICIONALES (KOHA)
Tipo de ítem Artículo

No hay ítems disponibles.